000 00617nam a22001697a 4500
003 OSt
005 20171010095535.0
008 121008t xxu||||| |||| 00| 0 eng d
040 _aMMSU
_cULS
100 _aDamo, Jovertson A., et al.
_913204
245 _aPerformance evaluation of PIC microcontroller through power management
_cJovertson A. Damo, et al.
260 _c2008
300 _ax, [145] leaves
_c28 cm.
500 _aThesis (BS BS Electronics & Communications Engineering) -- Mariano Marcos State University-College of Engineering, Batac City
504 _aBibliography: leaf 29
942 _2ddc
_cTHEDIS
999 _c9830
_d9830